UBT Library

Managerial economics : (Record no. 44918)

000 -LEADER
fixed length control field 00698pam a2200229 a 4500
001 - CONTROL NUMBER
control field 1141549
005 - DATE AND TIME OF LATEST TRANSACTION
control field 20180313095945.0
008 - FIXED-LENGTH DATA ELEMENTS--GENERAL INFORMATION
fixed length control field 950131s1996 nyua b 001 0 eng
010 ## - LIBRARY OF CONGRESS CONTROL NUMBER
LC control number 95001115
020 ## - INTERNATIONAL STANDARD BOOK NUMBER
International Standard Book Number 0393967751
040 ## - CATALOGING SOURCE
Original cataloging agency DLC
Transcribing agency DLC
Modifying agency DLC
041 ## - LANGUAGE CODE
Language code of text/sound track or separate title eng
080 ## - UNIVERSAL DECIMAL CLASSIFICATION NUMBER
Universal Decimal Classification number 338./024658 EDW
082 00 - DEWEY DECIMAL CLASSIFICATION NUMBER
Classification number 338./024658 EDW
Edition number 20
100 1# - Rafti
Rafti 54
101 ## - Shkurtesa
Shkurtesa MAN
245 10 - TITLE STATEMENT
Title Managerial economics :
Statement of responsibility, etc Edwin Mansfield.
504 ## - BIBLIOGRAPHY, ETC. NOTE
Bibliography, etc Includes bibliographical references and index.
906 ## - LOCAL DATA ELEMENT F, LDF (RLIN)
a 7
b cbc
c orignew
d 1
e ocip
f 19
g y-gencatlg
942 ## - ADDED ENTRY ELEMENTS (KOHA)
Source of classification or shelving scheme
Item type Books
Holdings
Withdrawn status Lost status Source of classification or shelving scheme Damaged status Not for loan Collection code Permanent location Current location Shelving location Date acquired Total Checkouts Full call number Barcode Date last seen Price effective from Koha item type
          Koleksioni i përgjithshem UBT - Lipjan UBT - Lipjan Koleksioni i përgjithshem 03/13/2018   338./024658 EDW 002-3001994 03/13/2018 03/13/2018 Books
UBT Library © 2015-2024. All rights reserved University Education for Business and Technology